书目信息 |
| 题名: |
中级会计实务
|
|
| 作者: | 章文光 , 高同辉 编著 | |
| 分册: | ||
| 出版信息: | 北京 中国计量出版社 2005.10 |
|
| 页数: | 197页 | |
| 开本: | 26cm | |
| 丛书名: | ||
| 单 册: | ||
| 中图分类: | F23 | |
| 科图分类: | ||
| 主题词: | 会计师--资格考核--自学参考资料 , CT--S044505--会计 | |
| 电子资源: | ||
| ISBN: | 7-5026-1405-2 | |
| 000 | 00901nam0 2200265 45 | |
| 001 | 012001041318 | |
| 005 | 20070905162620.46 | |
| 010 | @a7-5026-1405-2@dCNY25.00 | |
| 100 | @a20010625d2005 em y0chiy0110 ea | |
| 101 | 0 | @achi |
| 102 | @aCN@b110000 | |
| 105 | @ay zq 000yy | |
| 200 | 1 | @a中级会计实务@AZhong Ji Hui Ji Shi Wu@f章文光,高同辉编著@FZhang Wen Guang , Gao Tong Hui Bian Zhu |
| 210 | @a北京@c中国计量出版社@d2005.10 | |
| 215 | @a197页@d26cm | |
| 300 | @a全国会计专业技术资格考试应试指导 | |
| 330 | @a本书分初级会计实务、经济法基础和全真模拟测试试题三部分,帮助考生全面系统地掌握各门课程的知识要点、重点、难点。 | |
| 606 | 0 | @a会计师@x资格考核@j自学参考资料 |
| 606 | 0 | @2CT@3S044505@a会计 |
| 690 | @aF23@v4 | |
| 701 | 0 | @a章文光@AZhang Wen Guang@4编著 |
| 701 | 0 | @a高同辉@AGao Tong Hui@4编著 |
| 801 | 0 | @aCN@bNLC@c20070905 |
| 905 | @aBZT@dF23@e15 | |
| 906 | @dCNY25.00@n0@r1 | |
| 中级会计实务/章文光,高同辉编著.-北京:中国计量出版社,2005.10 |
| 197页;26cm |
| 全国会计专业技术资格考试应试指导 |
| ISBN 7-5026-1405-2:CNY25.00 |
| 本书分初级会计实务、经济法基础和全真模拟测试试题三部分,帮助考生全面系统地掌握各门课程的知识要点、重点、难点。 |
| ● |
| 相关链接 |
|
|
|
正题名:中级会计实务
索取号:F23/15
 
预约/预借
| 序号 | 登录号 | 条形码 | 馆藏地/架位号 | 状态 | 备注 |
| 1 | 571234 | 230152897 | 中心书库北库/ 北库008架A面3列1层47/ [索取号:F23/15] | 在馆 | |
| 2 | 571235 | 230152888 | 中心书库北库/ 北库008架A面3列1层52/ [索取号:F23/15] | 在馆 | |
| 3 | 571236 | 230152890 | 中心书库北库/ 北库008架A面3列1层44/ [索取号:F23/15] | 在馆 | |
| 4 | 571237 | 230152889 | 中心书库北库/ 北库008架A面3列1层51/ [索取号:F23/15] | 在馆 | |
| 5 | 571238 | 230152892 | 中心书库北库/ 北库008架A面3列1层50/ [索取号:F23/15] | 在馆 | |
| 6 | 571239 | 230152891 | 中心书库北库/ 北库008架A面3列1层49/ [索取号:F23/15] | 在馆 | |
| 7 | 571240 | 230152896 | 中心书库北库/ 北库008架A面3列1层48/ [索取号:F23/15] | 在馆 | |
| 8 | 571241 | 230152895 | 中心书库北库/ 北库008架A面3列1层53/ [索取号:F23/15] | 在馆 | |
| 9 | 571242 | 230152894 | 中心书库北库/ 北库008架A面3列1层30/ [索取号:F23/15] | 在馆 | |
| 10 | 571243 | 230152893 | 中心书库北库/ 北库008架A面3列1层33/ [索取号:F23/15] | 在馆 |